Xmen films timeline - Statistics

General Stats
  • This quiz has been taken 1,343 times
  • The average score is 5 of 7
Answer Stats
Release Order Film % Correct
2000 3 X-Men
100%
2011 1 X-Men: First Class
77%
2003 4 X2
74%
2014 7 X-Men: Days of Future Past
73%
2006 5 X-Men: The Last Stand
67%
2009 2 X-Men Origins: Wolverine
60%
2013 6 The Wolverine
58%
No matching quizzes found
Score Distribution
Percent of People with Each Score
Percentile by Number Answered
Your Score History
You have not taken this quiz